000 01104nas a2200349 4500
001 BR0500816
003 BR-BrBNA
005 20231205105149.0
007 ta
008 230509b bl.|||p| |||| 00| 00por d
040 _aBR-BrBNA
_bpor
_cBiblioteca Nacional de Agricultura
041 _a(Pt)
072 _aL73; L70
100 1 _aVogel, F.S.F.
100 1 _aLima, M. de
100 1 _aFlores, E.F.
100 1 _aWeblen, R.
100 1 _aWinkelmann, E.R.
100 1 _aMayer, S.V.
100 1 _aMazzutti, K.C.
100 1 _aArenhart, S.
245 1 _aReplicação e excreção viral durante a infecção aguda e após a reativação da latencia induzida por dexametasona em bezerros inoculados com os herpesvírus bovinos tipo ! (BHV-!)e 5(BHV)
650 _aBEZERRO
650 _aHERPESVÍRUS
650 _aINFECÇÃO
650 _aCORIZA
650 _aINOCULAÇÃO ARTIFICIAL
650 _aMEDICAMENTO
773 0 _tCiência Rural (Brazil)
_xISSN 0103-8478
_g(Sep-Oct 2004), v. 34(5) p. 1619-1621
_wBR0500816
909 _a202311
_bLúcia
_c55
_dLúcia Elande
942 _2AGRIS
_n0
_cANA
999 _c181561
_d181561